000 00909nam a22003017a 4500
003 CHAP
005 20220329140121.0
008 971013s1982 r 00010 d
010 _a47212
011 _a48184
035 _a52329
040 _cCHAP
082 _a621.01
_bV34
100 0 0 _aValiente, Antonio.
_9117554
245 _aProblemas de balance de energía
260 _aMéxico, D.F. :
_bAlhambra,
_c1982
300 _a286 p.
_b: ilus. ; gráfs.
590 _aBATCH-UPD
_b10
_c20130110
_lUCH01
_h1540
590 _aBATCH-UPD
_b10
_c20130410
_lUCH01
_h0942
590 _aBATCH-UPD
_b10
_c20130914
_lUCH01
_h1307
590 _aCONVERSION
_b10
_c20130109
_lUCH01
_h1326
650 1 4 _aEnergía.
_936881
650 1 4 _aTermodinámica.
_9112366
700 0 _aPrimo Stivalet, Rudi.
_991640
901 _aBK
942 _cLIBRO
949 _a621.01 V34
_bBC
_cLIBRO
_d33724000919361
_eLIBRO
_gI.c/e
_h65573
_i52329
_si
999 _c47212
_d47212